Contabilidad

Saved in:
Bibliographic Details
Main Authors: Horngren, Charles T (Author), Harrison, Walter T (Author), Smith Bamber, Linda (Author)
Format: Book
Language:Spanish
Published: Ciudad de México Pearson Educación 2003
Edition:5a. ed
Subjects:
Tags: Add Tag
No Tags, Be the first to tag this record!

MARC

LEADER 00000nam a2200000 a 4500
001 UCJ0026
003 CL-VaPUC
005 20241008104551.0
008 060623e20030000MX |||||||||||||||||spa|d
999 |c 317017  |d 317015 
020 |a 9702602866 
040 |c Pontificia Universidad Católica de Valparaíso 
082 0 4 |a 657  |b HOR  |2 21 
100 |a Horngren, Charles T  |e author  |9 590581 
245 1 0 |a Contabilidad 
250 |a 5a. ed 
260 |a Ciudad de México  |b Pearson Educación  |c 2003 
300 |a 539 p 
500 |a Incluye un CD-ROM 
583 |a last modification  |c 20130305 12:39:17  |k Rodrigo Vera 
650 0 |a Contabilidad de gestión  |9 345696 
650 0 |a Activos (Contabilidad)  |9 889484 
650 0 |a Sociedades  |9 259052 
700 |a Harrison, Walter T  |e author  |9 500054 
700 0 |a Smith Bamber, Linda  |e author  |9 500055 
942 |c BK  |2 ddc 
945 |d 20060623 00:00:00  |a jtorresc 
952 |0 0  |1 0  |4 0  |6 657_000000000000000_HOR_2003  |7 0  |8 R  |9 392683  |a BIBENE  |b BIBENE  |d 2019-11-22  |i 4244702  |l 2  |o 657 HOR 2003  |p 4244702  |r 2025-01-15  |s 2024-09-24  |w 2019-11-22  |y BK_R  |k ICO 
952 |0 0  |1 0  |4 0  |6 657_000000000000000_HOR_2003  |7 0  |8 R  |9 392684  |a BIBENE  |b BIBENE  |d 2019-11-22  |i 4439678  |o 657 HOR 2003  |p 4439678  |r 2025-01-15  |w 2019-11-22  |y BK_R  |k ICO